000 00321 a2200145 4500
001 76033
020 _a978-85-16-06842-4
040 _cAnchieta - Colégio São Paulo
240 1 0 _aProjeto araribá
_lpor
245 1 0 _aProjeto araribá
300 _a240
362 0 _a2011
650 4 _aGeografia e viagens
942 _cBK
999 _c76033
_d76033